Os ovos da Páscoa do Bolinha (Registo nº 4362)

Detalhes MARC
000 -Etiqueta do registo
Cabeçalho 00791nam0a2200289 4500
005 - Identificador da versão
Campo de controlo 20240813122059.0
095 ## -
-- PTBN00127644
010 ## - Número internacional normalizado dos livros (ISBN)
Número (ISBN) 9722309846
021 ## - Número do Depósito Legal
Código do país PT
Número 91995/95
100 ## - Dados gerais de processamento
Dados gerais de processamento 20170117d1996 bc.y0pory5003 ba
102 ## - Pais de publicação ou produção
País de publicação Portugal
101 1# - Língua de publicação
Língua do texto, banda sonora, etc. Português
Língua do documento no original Inglês
215 ## - Descrição física 
Indicação específica da natureza do documento e extensão da espécie [22] p.
Outras indicações físicas todo il. color
200 1# - Titulo e menção de responsabilidade
Título próprio Os ovos da Páscoa do Bolinha
Primeira menção de responsabilidade Eric Hill
225 1# - Colecção 
Título próprio da colecção Livros do Bolinha
205 ## - Menção da edição
Menção da edição 2ª ed
210 ## - Publicação, Distribuição, etc. 
Lugar da edição, distribuição, etc. Lisboa
Nome do editor, distribuidor, etc. Presença
Data da publicação, distribuição, etc. 1996
300 ## - Notas gerais 
Texto da nota PNL
307 ## - Notas relativas a descrição física 
Texto da nota Ilustrações em formato de janela, para abrir
606 ## - Nome comum usado como assunto
Número de registo de entrada de autoridade 0001374
Palavra de ordem Literatura inglesa
Subdivisão de assunto Conto
Código do sistema CA
675 ## - Classificação Decimal Universal (CDU)
Notação 821.111-34
Edição 3ª ed.
Língua da edição por
700 #1 - Nome de autor-pessoa física (responsabilidade principal)
Número de registo de entrada de autoridade 0001630
Palavra de ordem Hill
Outra parte do nome não tomada para palavra de ordem Eric
Datas 1927-2014
966 ## - Identificação da Biblioteca
Sigla EBVEN
942 ## - Elementos de entrada adicionados (Koha)
Tipo de item no Koha Livro
Exemplares
Situação do levantamento Origin of item (home branch) (coded) Biblioteca de empréstimo Código de barras Cota Circulation type (not for loan) Tipo de documento Nota do exemplar Damaged status
  Biblioteca Escolar das Vendas Biblioteca Escolar das Vendas BEV93 88EST HIL PNL   Livro Sem mensagem